| 000 | 003590000a22001570004500 | ||
|---|---|---|---|
| 005 | 20120302065133.0 | ||
| 942 | _cBOOK | ||
| 100 | _a Kuryagrami, Shree. Prakashram | ||
| 245 | _a (Kashmiri) Ramavatarcharit | ||
| 250 | _a 1st | ||
| 260 | _aLucknau:Bhuvan Vani Trust, 1975 | ||
| 300 | _a481p..-ill | ||
| 040 | _aK&H | ||
| 365 | _b20/- | ||
| 650 | _aRamayan | ||
| 999 |
_c363989 _d363986 |
||